00875nam a22001817a 4500999001500000003000400015008004100019100002100060245004400081250000900125260002800134300000800162650003300170942001500203952016700218952015400385952015400539 c8862d8862OSt200713b ||||| |||| 00| 0 eng d aRaghunandanan, V aElementary Human Anatomy and Physiology a2020 aNew DelhibVallabh Pra. a295 aHuman Anatomy and Physiology 2ddccBK01 00102ddc40708BPaPIETbPIETd2020-02-11eKirti PrakashanfRupeesg230.00kIN6378l1o612 RAEpBP1280r2021-04-15 00:00:00s2021-04-05v186.30w2020-02-11yREF 00102ddc40708BPaPIETbPIETd2020-02-11eKirti PrakashanfRupeesg230.00kIN6378l0o612 RAEpBP1281r2020-07-13 00:00:00v186.30w2020-02-11yBK 00102ddc40708BPaPIETbPIETd2020-02-11eKirti PrakashanfRupeesg230.00kIN6378l0o612 RAEpBP1282r2020-07-13 00:00:00v186.30w2020-02-11yBK